| 000 | 00660nam a22002177a 4500 | ||
|---|---|---|---|
| 003 | BUBTL | ||
| 008 | 230109b ||||| |||| 00| 0 eng d | ||
| 020 | _a9789842002410 | ||
| 082 | _a891.443/ C4595j/ 2012 | ||
| 100 |
_95185 _aMamoon, Muntassir |
||
| 245 |
_aJoy Bangla / _c Muntasir Mamoon |
||
| 250 | _a1st Edn | ||
| 260 |
_aDhaka: _bAdorn Publication, _cc2012 |
||
| 300 |
_a184 p.: _bills.; _c21.5 cm |
||
| 505 | _aJoy Bangla, Muntasir Mamoon, Literature, Liberation War | ||
| 650 | 0 |
_92152 _aBengali Literature |
|
| 700 |
_95157 _aChowdhury, Kabir |
||
| 856 |
_k0 _l0 _yDownload |
||
| 942 |
_2ddc _cBK |
||
| 999 |
_c6912 _d6912 |
||